000 00690nam a2200241Ia 4500
003 OSt
005 20220925200502.0
006 a|||||r|||| 00| 0
007 ta
008 220923b |||||||| |||| 00| 0 eng d
037 _cGeneral Book
040 _aRTL
_cRTL
_beng
041 _2eng
_aeng
082 _aX9(J94).273H.N8, M8
100 _aSingh Ram Sagar
_9257675
245 0 _aSugar industry
_bA case study of Champaran
260 _aDelhi
_bCapital
_c1988
300 _av,232p
_ccm.
500 _aBibliography P 223-32
650 _aSugar Industry
_9231920
942 _hX9(J94).273H.N8, M8
_cGB
_2CC
999 _c536784
_d536784